000 00335nam a2200157Ia 4500
003 Ost
005 20260225132548.0
008 260225s9999||||xx |||||||||||||| ||und||
040 _cfsic
041 _afre
082 _a440
100 _aTabari
_eAuteur
245 0 _aDe la creation à david /
245 0 _cTabari
942 _cكتاب
999 _c33951
_d33951